00465nam a2200193 a 4500001001300000003000900013005001700022008004100039020001300080082001300093100001800106245003100124260003200155300000900187500003500196505001000231650001200241700001800253nice12345678IN_TiNIC20260116012557.0050524s1964 enga grp 000 0 eng  ac223.3800a252bTIL aTillich, Paul aShaking of the Foundations aEnglandbPenguin Bookc1964 a185p aincludes index and biblioraphy2 aNotes aSermons1 aTillich, Paul